| 000 | 00468 a2200181 4500 | ||
|---|---|---|---|
| 005 | 20260409124628.0 | ||
| 008 | 260409b |||||||| |||| 00| 0 eng d | ||
| 020 |
_a9789390749171 _cRs. 4195.00 |
||
| 040 | _aMAIN | ||
| 082 |
_a581.634 _bB469C |
||
| 100 | _aBhutya, R K | ||
| 245 | _aColour atlas of medicinal plants, V2 | ||
| 260 |
_bScientific Publishers _c2024 _aJodhpur |
||
| 300 | _axiv, 242 | ||
| 650 | _aBotany | ||
| 650 | _aMedicinal Plants | ||
| 942 | _cBK | ||
| 999 |
_c396014 _d396014 |
||